000 00494nam a2200181Ia 4500
008 240925s9999 xx 000 0 und d
020 _a9781119313076
082 _a332.632 ELL
100 _aEllis, Charles D.
245 4 _aThe Index Revolution: why investors should join it now
250 _aNA
260 _aAustralia:
_bJohn Wiley & Sons
_c,2016.
300 _a404p.
_bNA
_fOriginal
500 _aIncludes Index
600 _aSocial Sciences
650 _aSocial Sciences
942 _cBK
999 _c15105
_d15105